Tłumaczenia nazw jezior z angielskiego na polski - Statystyki

Ogólne statystyki
  • Ten quiz został rozwiązany 63 razy
    61 od ostatniego zresetowania
  • Średni wynik to 7 z 10
Statystyki odpowiedzi
Angielski Polski % Poprawnych
Caspian Sea Morze Kaspijskie
96%
Baikal Bajkał
95%
Dead Sea Morze Martwe
95%
Chad Czad
86%
Nicaragua Nikaragua
82%
Tanganyika Tanganika
67%
Victoria Wiktorii
63%
Great Bear Lake Wielkie Jezioro Niedźwiedzie
40%
Peipus Pejpus
39%
Balkhash Bałchasz
26%
Nie znaleziono quizów pasujących do podanych kryteriów
Rozkład punktacji
Procent ludzi z każdym wynikiem
Percentyl według liczby udzielonych odpowiedzi
Twoja historia wyników
Nie rozwiązałeś tego quizu od ostatniego zresetowania